[Event "DEM U12 2012"]
[Site "Oberhof GER"]
[Date "2012.05.28"]
[Round "3"]
[White "Özkan, Afet-Ekin"]
[Black "Reuker, Jari"]
[Result "0-1"]
[Termination "normal"]
[Board "25"]
[WhiteElo "1406"]
[BlackElo "1771"]
[PlyCount "74"]
[WhiteFideId "12952117"]
[BlackFideId "12909300"]
[EventCountry "GER"]
[EventRounds "11"]
[EventType "swiss"]
[EventDate "2012.05.26"]

1. d4 Nf6 2. Nf3 d5 3. c4 e6 4. Nc3 Nbd7 5. Bg5 Bb4 6. g3 c5 7. cxd5 exd5 8.
Bg2 Qa5 9. Qc2 Ne4 10. Bd2 Nxd2 11. Qxd2 Nf6 12. O-O Ne4 13. Qe3 Bxc3 14. bxc3
Qxc3 15. Rfc1 Qxe3 16. fxe3 c4 17. Ne1 Bf5 18. Nc2 Kd7 19. Rf1 Ke6 20. Nb4 Rhd8
21. Rac1 a5 22. Nc2 Nc3 23. Bf3 Nxa2 24. Ra1 Bxc2 25. Rxa2 Bb3 26. Ra3 f5 27.
g4 g6 28. gxf5+ gxf5 29. Bg2 Rg8 30. Kh1 a4 31. e4 dxe4 32. d5+ Ke5 33. e3 Rad8
34. Bh3 Rg5 35. Raa1 Rxd5 36. Rae1 Rd2 37. Ra1 b5 0-1

[Event "DEM U12 2012"]
[Site "Oberhof GER"]
[Date "2012.05.28"]
[Round "3"]
[White "Herbrig, Alexander"]
[Black "Heldt, Nils-Lennart"]
[Result "1-0"]
[Termination "normal"]
[Board "26"]
[WhiteElo "1662"]
[BlackElo "1408"]
[PlyCount "63"]
[WhiteFideId "12952044"]
[BlackFideId "12952109"]
[EventCountry "GER"]
[EventRounds "11"]
[EventType "swiss"]
[EventDate "2012.05.26"]

1. e4 e6 2. d4 d5 3. Nd2 dxe4 4. Nxe4 Nd7 5. Nf3 Ngf6 6. Nxf6+ Nxf6 7. Bd3 Be7
8. Qe2 b6 9. Bd2 Bb7 10. O-O-O a5 11. h4 Bd5 12. c4 Bb7 13. Rhg1 h6 14. g4 Nh7
15. Bxh7 Rxh7 16. g5 Bxf3 17. Qxf3 hxg5 18. hxg5 g6 19. Rh1 Rxh1 20. Rxh1 Kd7
21. Qxf7 Kc8 22. Qxe6+ Kb8 23. Qe5 Kb7 24. Rh7 Bd6 25. Qe4+ Ka6 26. Qxg6 Qf8
27. Qf7 Qxf7 28. Rxf7 Rg8 29. f4 c5 30. d5 a4 31. f5 b5 32. Rf6 1-0

[Event "DEM U12 2012"]
[Site "Oberhof GER"]
[Date "2012.05.28"]
[Round "3"]
[White "Ley, Sabrina"]
[Black "Wächter, Nathalie"]
[Result "0-1"]
[Termination "normal"]
[Board "27"]
[WhiteElo "1334"]
[BlackElo "1656"]
[PlyCount "84"]
[WhiteFideId "12938130"]
[BlackFideId "12921033"]
[EventCountry "GER"]
[EventRounds "11"]
[EventType "swiss"]
[EventDate "2012.05.26"]

1. e4 e5 2. Nf3 Nc6 3. Bc4 Bc5 4. b4 Bxb4 5. c3 Be7 6. d4 Na5 7. Bd3 d6 8. O-O
Bg4 9. h3 Bh5 10. Be3 Nf6 11. Nbd2 O-O 12. Qc2 Nc6 13. Rab1 Rb8 14. Rfe1 Re8
15. Bb5 exd4 16. cxd4 d5 17. e5 Bg6 18. Bd3 Ne4 19. Bxe4 dxe4 20. Nh2 Nxd4 21.
Qc4 Nc6 22. Ng4 h5 23. Nh2 Nxe5 24. Qc3 Bf6 25. Qb3 Nd3 26. Red1 Bd4 27. Nc4
Bxe3 28. Nxe3 Qh4 29. Rd2 Qg5 30. Nhf1 Nf4 31. Ng3 h4 32. Ne2 Nxh3+ 33. Kf1 Nf4
34. Nxf4 Qxf4 35. Rbd1 Bh5 36. Rc1 Qh2 37. Ke1 Qg1+ 38. Nf1 Qxg2 39. Rd5 Qg4
40. Qe3 Rbd8 41. Rxd8 Rxd8 42. Nd2 h3 0-1

[Event "DEM U12 2012"]
[Site "Oberhof GER"]
[Date "2012.05.28"]
[Round "3"]
[White "Zienert, Richard"]
[Black "Killgus, Leonard"]
[Result "1-0"]
[Termination "normal"]
[Board "28"]
[WhiteElo "1649"]
[BlackElo "1374"]
[PlyCount "39"]
[WhiteFideId "12945986"]
[BlackFideId "12922021"]
[EventCountry "GER"]
[EventRounds "11"]
[EventType "swiss"]
[EventDate "2012.05.26"]

1. e4 e5 2. Nf3 Nc6 3. Bb5 Bc5 4. O-O Nd4 5. Nxd4 Bxd4 6. c3 Bb6 7. d4 c6 8.
Bc4 d6 9. dxe5 dxe5 10. Qh5 Qe7 11. Bg5 Nf6 12. Bxf6 Qxf6 13. Nd2 O-O 14. Nf3
Bc7 15. Rad1 Qf4 16. Ng5 h6 17. Nxf7 Rxf7 18. Rd3 Bg4 19. Bxf7+ Kf8 20. Qg6 1-0

[Event "DEM U12 2012"]
[Site "Oberhof GER"]
[Date "2012.05.28"]
[Round "3"]
[White "Peter, Anton"]
[Black "Walker, Julia"]
[Result "1-0"]
[Termination "normal"]
[Board "29"]
[WhiteElo "1739"]
[BlackElo "1370"]
[PlyCount "69"]
[WhiteFideId "12901660"]
[BlackFideId "1271852"]
[EventCountry "GER"]
[EventRounds "11"]
[EventType "swiss"]
[EventDate "2012.05.26"]

1. Nf3 d5 2. d4 e6 3. c4 c5 4. cxd5 exd5 5. Nc3 Nc6 6. dxc5 d4 7. Ne4 Bf5 8.
Nd6+ Bxd6 9. cxd6 Qxd6 10. g3 Nf6 11. Bg2 Rd8 12. O-O h6 13. Bf4 Qe6 14. Qa4
O-O 15. Rfe1 Rfe8 16. Rad1 Qd7 17. Bc1 Ne4 18. Kf1 Nc5 19. Qc4 b6 20. Kg1 d3
21. b4 Nb7 22. a3 Re6 23. Bb2 Rd6 24. e3 d2 25. Re2 Bd3 26. Qc3 Qg4 27. Rexd2
Be2 28. Rxd6 Nxd6 29. Rd2 Ne4 30. Rxd8+ Nxd8 31. Qe5 Ne6 32. h3 Qg6 33. Nh4 Qh7
34. Bxe4 g6 35. Bxg6 1-0

[Event "DEM U12 2012"]
[Site "Oberhof GER"]
[Date "2012.05.28"]
[Round "3"]
[White "Cejda, Cecilia"]
[Black "Savchenko, Daniel"]
[Result "0-1"]
[Termination "normal"]
[Board "30"]
[WhiteElo "1330"]
[BlackElo "1628"]
[PlyCount "160"]
[WhiteFideId "12921122"]
[BlackFideId "12919195"]
[EventCountry "GER"]
[EventRounds "11"]
[EventType "swiss"]
[EventDate "2012.05.26"]

1. e4 e5 2. Nf3 Nf6 3. Nxe5 d6 4. Nf3 Nxe4 5. d4 d5 6. Bd3 Nc6 7. O-O Bg4 8.
Re1 Be7 9. c4 f5 10. Nc3 Nb4 11. Be2 O-O 12. a3 Nxc3 13. bxc3 Nc6 14. cxd5 Qxd5
15. Bf4 Qd8 16. Qb3+ Kh8 17. Qxb7 Bd6 18. Bg5 Qd7 19. Bb5 Bxf3 20. gxf3 Na5 21.
Bxd7 Nxb7 22. Bc6 Rab8 23. Rab1 Na5 24. Rxb8 Rxb8 25. Bb5 c6 26. Bd3 f4 27. Re6
Bxa3 28. Bxf4 Rf8 29. Bd6 Bxd6 30. Rxd6 g6 31. Kg2 Kg7 32. Rd7+ Rf7 33. Rd6 Rc7
34. c4 Kf7 35. Rd8 Nb3 36. d5 Nc5 37. Be4 cxd5 38. cxd5 a6 39. d6 Rd7 40. Bd5+
Kf6 41. Rc8 Nd3 42. Rc7 Rxd6 43. Rc6 Ke5 44. Rxd6 Kxd6 45. Bg8 h6 46. Bh7 Nf4+
47. Kg3 Ke5 48. Bg8 a5 49. Bb3 Ne6 50. Bc2 Kf6 51. Kg4 Nc7 52. h4 Nb5 53. h5 g5
54. f4 gxf4 55. Kxf4 Nc3 56. Ke3 Nd5+ 57. Kd4 Nf4 58. Bd1 Kg5 59. Kc5 Nxh5 60.
Bxh5 Kxh5 61. Kb5 Kg4 62. Kxa5 h5 63. Kb4 h4 64. Kc4 h3 65. Kd4 Kf3 66. Kd3 h2
67. Kd4 h1=Q 68. Kd3 Qd1+ 69. Kc4 Qd2 70. Kc5 Qd3 71. Kb4 Qc2 72. Kb5 Qc3 73.
Kb6 Qc4 74. Kb7 Qc5 75. Kb8 Qc6 76. Ka7 Qb5 77. Ka8 Ke4 78. Ka7 Kd5 79. f4 Kc6
80. f5 Qb7# 0-1

[Event "DEM U12 2012"]
[Site "Oberhof GER"]
[Date "2012.05.28"]
[Round "3"]
[White "Hoppe, Andreas"]
[Black "Schluckner, Paul-Leopold"]
[Result "1-0"]
[Termination "normal"]
[Board "32"]
[WhiteElo "1743"]
[BlackElo "1110"]
[PlyCount "111"]
[WhiteFideId "12922811"]
[BlackFideId "12952168"]
[EventCountry "GER"]
[EventRounds "11"]
[EventType "swiss"]
[EventDate "2012.05.26"]

1. e4 e5 2. Bc4 Nf6 3. d3 Nc6 4. Bg5 h6 5. Bh4 Bc5 6. Nd2 d6 7. Ngf3 Be6 8. Bb3
Qe7 9. c3 Bg4 10. Bc4 Na5 11. Bb5+ c6 12. Ba4 b5 13. Bc2 Bb6 14. b4 Nb7 15. O-O
O-O 16. Bb3 a5 17. a3 a4 18. Ba2 Rfd8 19. Qe2 Rac8 20. c4 Bd4 21. Rab1 Rd7 22.
Rfc1 Rdc7 23. Qe1 Ba7 24. Rc3 Nd8 25. Kf1 Ne6 26. Ng1 Bd4 27. Rc2 Nf4 28. f3
Be6 29. Bxf6 Qxf6 30. g3 Nxd3 31. Qe2 Nf2 32. Kg2 Qe7 33. Rf1 Qd7 34. Rxf2 Bxf2
35. Qxf2 d5 36. exd5 cxd5 37. c5 e4 38. fxe4 dxe4 39. Bxe6 Qxe6 40. Qe3 Re7 41.
Ne2 f5 42. Nc3 Rb8 43. Qf4 Rbb7 44. Ne2 Qd5 45. Qe3 Qd3 46. Rc3 Qd5 47. Nf4 Qc6
48. Rc2 Rbd7 49. Nb1 Kh7 50. Nc3 g6 51. Nfe2 Rd3 52. Qf2 Red7 53. Nf4 Rd2 54.
Rxd2 Rxd2 55. Qxd2 e3+ 56. Qd5 1-0

[Event "DEM U12 2012"]
[Site "Oberhof GER"]
[Date "2012.05.28"]
[Round "3"]
[White "Kummer, Birte"]
[Black "Müller, Elias"]
[Result "0-1"]
[Termination "normal"]
[Board "33"]
[WhiteElo "963"]
[BlackElo "1703"]
[PlyCount "68"]
[WhiteFideId "12952214"]
[BlackFideId "12917133"]
[EventCountry "GER"]
[EventRounds "11"]
[EventType "swiss"]
[EventDate "2012.05.26"]

1. e4 c6 2. d4 d5 3. Nc3 dxe4 4. Nxe4 Bf5 5. Nc3 g6 6. Nf3 Bg7 7. Ne2 e6 8. Ng3
Bg4 9. c3 Nd7 10. Be2 Qc7 11. h3 Bxf3 12. Bxf3 O-O-O 13. Be3 Nb6 14. b3 h6 15.
Qd3 Ne7 16. Qe4 Ned5 17. Bd2 Rhe8 18. O-O f5 19. Qc2 g5 20. Bxd5 Nxd5 21. Rfe1
Qf7 22. Ne2 f4 23. f3 h5 24. Kf2 Rf8 25. Qe4 Rfe8 26. a4 e5 27. c4 exd4 28. Qd3
Ne3 29. c5 Nc2 30. Qxc2 d3 31. Qb1 Bxa1 32. Qxa1 Rxe2+ 33. Rxe2 dxe2 34. Kxe2
Qe6+ 0-1

[Event "DEM U12 2012"]
[Site "Oberhof GER"]
[Date "2012.05.28"]
[Round "3"]
[White "Christiansen, Anna"]
[Black "Sanati, Charlotte"]
[Result "0-1"]
[Termination "normal"]
[Board "34"]
[WhiteElo "924"]
[BlackElo "1644"]
[PlyCount "144"]
[WhiteFideId "12952230"]
[BlackFideId "12907707"]
[EventCountry "GER"]
[EventRounds "11"]
[EventType "swiss"]
[EventDate "2012.05.26"]

1. e4 e5 2. Nf3 Nc6 3. Bc4 Bc5 4. c3 Nf6 5. d4 exd4 6. e5 d5 7. Bb5 Ne4 8. cxd4
Bb4+ 9. Bd2 Bxd2+ 10. Nbxd2 Bg4 11. h3 Bxf3 12. Nxf3 O-O 13. O-O Ne7 14. Re1
Ng6 15. Bd3 Ng5 16. Nxg5 Qxg5 17. Bxg6 fxg6 18. e6 Rae8 19. Re5 Qf6 20. Qe2 c6
21. a4 Qf4 22. Rd1 Rf5 23. Rxf5 Qxf5 24. Re1 Qf6 25. Qe3 Qe7 26. b3 b6 27. Qc3
Qd6 28. Qe3 c5 29. dxc5 bxc5 30. Qe5 Qc6 31. f4 c4 32. bxc4 dxc4 33. a5 c3 34.
Qe4 Qc5+ 35. Kh2 Qc8 36. Qc2 Qc7 37. Re4 g5 38. g3 gxf4 39. gxf4 Qxa5 40. Rc4
Qd5 41. Qxc3 Qxe6 42. Qe5 Qxe5 43. fxe5 Rxe5 44. Kg3 Kf7 45. Kf4 Re8 46. Rc7+
Re7 47. Rc6 Rb7 48. Ke5 Rb5+ 49. Kd4 Rb3 50. Rc7+ Kf6 51. Rxa7 Rxh3 52. Ra6+
Kg5 53. Ra5+ Kh6 54. Ke4 Rh4+ 55. Kf3 Rh5 56. Ra6+ g6 57. Kg4 Rf5 58. Kh4 Rf4+
59. Kg3 Kg5 60. Ra7 h5 61. Ra5+ Rf5 62. Ra4 Rc5 63. Ra3 h4+ 64. Kh3 Kh5 65. Re3
g5 66. Re4 g4+ 67. Rxg4 Rc3+ 68. Rg3 Rxg3+ 69. Kh2 Kg4 70. Kh1 Kf3 71. Kh2 Kf2
72. Kh1 Rh3# 0-1

[Event "DEM U12 2012"]
[Site "Oberhof GER"]
[Date "2012.05.28"]
[Round "3"]
[White "Diener, Carolin Valeria"]
[Black "ter Stal, Esther"]
[Result "1-0"]
[Termination "normal"]
[Board "35"]
[WhiteElo "1745"]
[BlackElo "984"]
[PlyCount "51"]
[WhiteFideId "24699063"]
[BlackFideId "12944467"]
[EventCountry "GER"]
[EventRounds "11"]
[EventType "swiss"]
[EventDate "2012.05.26"]

1. e4 c6 2. d4 d5 3. f3 e6 4. Nc3 b5 5. Be3 b4 6. Nce2 Nf6 7. Ng3 Ba6 8. Bd3
Bxd3 9. Qxd3 Nfd7 10. N1e2 c5 11. exd5 exd5 12. dxc5 Nxc5 13. Bxc5 Bxc5 14.
O-O-O O-O 15. Qxd5 Qxd5 16. Rxd5 Be3+ 17. Kb1 Nc6 18. Nf5 Bb6 19. Rd6 Rfe8 20.
Nf4 Ne5 21. Nh5 Red8 22. Rxd8+ Rxd8 23. Nhxg7 Rd2 24. f4 Ng6 25. g3 Bd8 26. Nh5
1-0

[Event "DEM U12 2012"]
[Site "Oberhof GER"]
[Date "2012.05.28"]
[Round "3"]
[White "Junk, Phillip"]
[Black "Lai Hop, Long"]
[Result "1/2-1/2"]
[Termination "normal"]
[Board "36"]
[WhiteElo "1443"]
[BlackElo "1331"]
[PlyCount "67"]
[WhiteFideId "12952095"]
[BlackFideId "12942707"]
[EventCountry "GER"]
[EventRounds "11"]
[EventType "swiss"]
[EventDate "2012.05.26"]

1. e4 c5 2. Nf3 Nc6 3. d4 cxd4 4. Nxd4 Nf6 5. Nc3 d6 6. Be2 e6 7. O-O Be7 8.
Be3 O-O 9. Qd2 a6 10. a4 Qc7 11. Nxc6 bxc6 12. a5 c5 13. Bf3 Bb7 14. Rfd1 Rfd8
15. Bf4 Qd7 16. Na4 Qc7 17. Nb6 Rab8 18. Re1 Nd7 19. Nc4 Nf6 20. Rad1 Ne8 21.
b3 Bc6 22. Nb6 Bb7 23. Bg3 Bc6 24. Bh5 Nf6 25. Bf3 Ne8 26. Rc1 Qb7 27. c4 Qc7
28. Qd3 Qb7 29. Qb1 Qc7 30. b4 Bb7 31. Red1 Bg5 32. Rc3 Bf6 33. Rcd3 Bd4 34. b5
1/2-1/2

[Event "DEM U12 2012"]
[Site "Oberhof GER"]
[Date "2012.05.28"]
[Round "3"]
[White "Müller, Sophie"]
[Black "Zimmer, Luca"]
[Result "1-0"]
[Termination "normal"]
[Board "37"]
[WhiteElo "1435"]
[BlackElo "1051"]
[PlyCount "119"]
[WhiteFideId "12926698"]
[BlackFideId "12921424"]
[EventCountry "GER"]
[EventRounds "11"]
[EventType "swiss"]
[EventDate "2012.05.26"]

1. Nf3 e6 2. g3 d5 3. Bg2 Bd6 4. O-O Nf6 5. d3 Nc6 6. c4 O-O 7. e3 b6 8. Nc3
Bb7 9. a3 Qe7 10. Nb5 Rad8 11. Nxd6 Rxd6 12. Qc2 d4 13. e4 e5 14. b4 h6 15. Nh4
Qe6 16. Nf5 Rdd8 17. Bd2 Rfe8 18. Bh3 Kf8 19. Qc1 Ng8 20. b5 Na5 21. Rb1 c5 22.
Nxg7 Qxh3 23. Nxe8 Kxe8 24. Qd1 f5 25. f3 Ne7 26. Qe2 Rd6 27. Qg2 Qxg2+ 28.
Kxg2 Rg6 29. Kh1 Bc8 30. Rfe1 Rg5 31. Bxg5 hxg5 32. Re2 Nb7 33. Rbe1 f4 34.
gxf4 exf4 35. Rg1 Nd6 36. Rxg5 Kd8 37. h4 Nf7 38. Rgg2 Nh8 39. h5 Nf7 40. Rh2
Nh6 41. Reg2 Kd7 42. Rg7 Kd6 43. Rh7 Neg8 44. Rxa7 Ne7 45. a4 Bd7 46. Ra8 Nc8
47. a5 Kc7 48. axb6+ Kxb6 49. Ra6+ Kb7 50. Rxh6 Kc7 51. Rh8 Kb7 52. Rxc8 Kxc8
53. h6 Kb7 54. h7 Kc7 55. h8=Q Kb7 56. Rh7 Kc7 57. Qe5+ Kb6 58. Qd6+ Ka5 59.
Qxc5 Bh3 60. Ra7# 1-0

[Event "DEM U12 2012"]
[Site "Oberhof GER"]
[Date "2012.05.28"]
[Round "3"]
[White "Fromm, Katja"]
[Black "Buckels, Valentin"]
[Result "0-1"]
[Termination "normal"]
[Board "38"]
[WhiteElo "1367"]
[BlackElo "1805"]
[PlyCount "88"]
[WhiteFideId "12929409"]
[BlackFideId "12942766"]
[EventCountry "GER"]
[EventRounds "11"]
[EventType "swiss"]
[EventDate "2012.05.26"]

1. d4 d5 2. c4 e6 3. Nc3 c5 4. dxc5 d4 5. Ne4 e5 6. b4 a5 7. b5 Bf5 8. Ng3 Bg6
9. Nf3 Qc7 10. e3 dxe3 11. Bxe3 Bxc5 12. Bxc5 Qxc5 13. Be2 Nf6 14. O-O O-O 15.
Nh4 Nbd7 16. Nxg6 hxg6 17. Qc2 Rac8 18. Rac1 Rfe8 19. Ne4 Nxe4 20. Qxe4 b6 21.
Qd5 Qxd5 22. cxd5 Nc5 23. Rfd1 Rcd8 24. Rc2 Rd6 25. g3 f5 26. Rxc5 bxc5 27. Bc4
Kf7 28. a4 e4 29. h4 Kf6 30. Kg2 e3 31. f3 e2 32. Re1 Re3 33. Kf2 Rc3 34. Bxe2
Rxd5 35. Rb1 c4 36. Bd1 Rcd3 37. Ke1 c3 38. b6 Rd8 39. b7 Rb8 40. Rb6+ Kf7 41.
Bb3+ Kf8 42. Rb5 Rd4 43. Bd5 c2 44. Rc5 Rd1+ 0-1

[Event "DEM U12 2012"]
[Site "Oberhof GER"]
[Date "2012.05.28"]
[Round "3"]
[White "Hesse, Henrik"]
[Black "Riegel, Arinna"]
[Result "1-0"]
[Termination "normal"]
[Board "39"]
[WhiteElo "1489"]
[BlackElo "1161"]
[PlyCount "57"]
[WhiteFideId "12952060"]
[BlackFideId "12931446"]
[EventCountry "GER"]
[EventRounds "11"]
[EventType "swiss"]
[EventDate "2012.05.26"]

1. e4 d5 2. exd5 Qxd5 3. Nc3 Qd6 4. d4 Nf6 5. Nf3 c6 6. Be2 Bf5 7. Be3 e6 8.
Qd2 Qc7 9. Bf4 Bd6 10. Be5 Bxe5 11. Nxe5 Nbd7 12. f4 Nxe5 13. fxe5 Nd5 14. Nxd5
cxd5 15. Bb5+ Ke7 16. Qg5+ Kf8 17. Be2 Qxc2 18. Rc1 Qxb2 19. Rc7 Bg6 20. O-O
Qxd4+ 21. Kh1 Qb4 22. Bh5 Ke8 23. Bxg6 hxg6 24. Rcxf7 Rh6 25. Rxg7 Rh8 26.
Qxg6+ Kd8 27. Qxe6 Qb5 28. Qe7+ Kc8 29. Qc7# 1-0

[Event "DEM U12 2012"]
[Site "Oberhof GER"]
[Date "2012.05.28"]
[Round "3"]
[White "Wallat, Jessica"]
[Black "Denkert, Anna"]
[Result "1/2-1/2"]
[Termination "normal"]
[Board "40"]
[WhiteElo "1596"]
[BlackElo "1519"]
[PlyCount "80"]
[WhiteFideId "12909637"]
[BlackFideId "12938122"]
[EventCountry "GER"]
[EventRounds "11"]
[EventType "swiss"]
[EventDate "2012.05.26"]

1. c4 c5 2. Nc3 Nc6 3. g3 g6 4. Bg2 Nf6 5. Nf3 Bg7 6. O-O O-O 7. d3 d6 8. Bd2
Bg4 9. Rb1 Qd7 10. a3 Bh3 11. b4 Bxg2 12. Kxg2 b6 13. h3 Rab8 14. e3 Qe6 15.
Qe2 Nh5 16. Nd5 Rfc8 17. b5 Nd8 18. a4 Nb7 19. Rfc1 h6 20. Bc3 Bxc3 21. Rxc3
Na5 22. Nd2 Rb7 23. Nb3 Nxb3 24. Rbxb3 Kf8 25. Ra3 Nf6 26. Nxf6 Qxf6 27. Qf3
Qxf3+ 28. Kxf3 Kg7 29. a5 Ra8 30. Rc1 Rd8 31. d4 d5 32. axb6 axb6 33. dxc5 bxc5
34. Rb3 dxc4 35. Rxc4 Rd5 36. b6 Kf6 37. Rb5 Rf5+ 38. Rf4 Rxf4+ 39. Kxf4 Ke6
40. Rxc5 Rxb6 1/2-1/2

[Event "DEM U12 2012"]
[Site "Oberhof GER"]
[Date "2012.05.28"]
[Round "3"]
[White "Schamber, Dennis"]
[Black "Lohrmann, Tabea"]
[Result "1-0"]
[Termination "normal"]
[Board "42"]
[WhiteElo "1108"]
[BlackElo "1339"]
[PlyCount "135"]
[WhiteFideId "12952176"]
[BlackFideId "12911941"]
[EventCountry "GER"]
[EventRounds "11"]
[EventType "swiss"]
[EventDate "2012.05.26"]

1. e4 e5 2. d4 exd4 3. Qxd4 Nc6 4. Qe3 d6 5. Nc3 Nf6 6. Bd2 Be7 7. h3 Be6 8.
O-O-O Qd7 9. f4 g6 10. Bb5 a6 11. Bxc6 Qxc6 12. g4 O-O-O 13. g5 Nd7 14. Nge2
Qb6 15. Qxb6 Nxb6 16. Nd4 c5 17. Nxe6 fxe6 18. Rdf1 Rhf8 19. Ne2 d5 20. Ba5 Kc7
21. e5 d4 22. Rd1 Rd7 23. Rd3 Rfd8 24. Rhd1 Kc6 25. Rb3 Nc4 26. Bxd8 Bxd8 27.
Rbd3 Ne3 28. Rg1 Bb6 29. b3 Ba5 30. Ng3 b5 31. Ne2 Bb6 32. c3 c4 33. Nxd4+ Bxd4
34. Rxd4 Re7 35. bxc4 Nxc4 36. Rgd1 Rf7 37. a4 Ra7 38. Kb1 Rb7 39. h4 bxa4+ 40.
Ka2 Kc5 41. Rb1 Rc7 42. Rb4 Ne3 43. Rxa4 Rb7 44. Re4 Nd1 45. Rec4+ Kb6 46.
Rab4+ Ka7 47. Rxb7+ Kxb7 48. Kb3 Ne3 49. Rd4 Nf5 50. Rd7+ Kc6 51. Rxh7 Kb5 52.
h5 gxh5 53. Rxh5 a5 54. g6 a4+ 55. Ka3 Kc4 56. Rxf5 exf5 57. g7 Kxc3 58. g8=Q
Kd4 59. Kxa4 Ke4 60. Qc4+ Ke3 61. Qd5 Kxf4 62. e6 Kg5 63. e7 Kf4 64. e8=Q Kg5
65. Qef7 Kh6 66. Qde6+ Kg5 67. Qfxf5+ Kh4 68. Qg4# 1-0

[Event "DEM U12 2012"]
[Site "Oberhof GER"]
[Date "2012.05.28"]
[Round "3"]
[White "Möller, Hannah"]
[Black "Schröder, Janina"]
[Result "0-1"]
[Termination "normal"]
[Board "43"]
[WhiteElo "1077"]
[BlackElo "1353"]
[PlyCount "200"]
[WhiteFideId "1270514"]
[BlackFideId "24693138"]
[EventCountry "GER"]
[EventRounds "11"]
[EventType "swiss"]
[EventDate "2012.05.26"]

1. c4 e5 2. Nc3 Nf6 3. g3 Bb4 4. Bg2 Bxc3 5. dxc3 d6 6. Bg5 h6 7. Bd2 O-O 8. e3
Nc6 9. b4 Be6 10. Qb3 Qd7 11. Nf3 Rfe8 12. O-O Bh3 13. Rfd1 Bxg2 14. Kxg2 e4
15. Nd4 Ne5 16. Bc1 Nd3 17. Ne2 Ng4 18. c5 Ngxf2 19. Rd2 Ng4 20. Rd1 Qf5 21.
Rf1 Ngf2 22. Ng1 Re6 23. c4 Rf6 24. Bb2 Re6 25. Qc3 Rg6 26. cxd6 cxd6 27. a4
Rc8 28. a5 a6 29. Ra3 d5 30. c5 Rcc6 31. Qd4 Rcf6 32. c6 Rxc6 33. Rxd3 exd3 34.
Rxf2 Qe4+ 35. Nf3 Rc2 36. Bc3 Qxd4 37. Bxd4 Rc4 38. Ne5 Rxb4 39. Nxg6 fxg6 40.
Rd2 Ra4 41. Bb6 Ra3 42. Kf3 Kf7 43. Kf4 Ke6 44. e4 g5+ 45. Ke3 dxe4 46. Kxe4 g6
47. Rxd3 Rxd3 48. Kxd3 Kd5 49. Ke3 Ke5 50. Kf3 h5 51. g4 Kd5 52. gxh5 gxh5 53.
Kg3 Ke5 54. h3 Kf5 55. h4 g4 56. Kg2 Kf4 57. Kh2 Kf3 58. Kg1 Kg3 59. Bf2+ Kf3
60. Bb6 Kg3 61. Bf2+ Kh3 62. Be1 g3 63. Kh1 Kxh4 64. Kg2 Kg4 65. Bxg3 h4 66.
Bxh4 Kxh4 67. Kf3 Kg5 68. Ke4 Kf6 69. Kd5 Ke7 70. Kc5 Kd7 71. Kb6 Kc8 72. Kc5
Kc7 73. Kb4 Kc6 74. Kc4 Kd6 75. Kb4 Kd5 76. Kc3 Kc5 77. Kb3 Kb5 78. Ka3 Kxa5
79. Kb3 b5 80. Ka3 Kb6 81. Kb3 a5 82. Ka3 Kc5 83. Kb3 Kd4 84. Kb2 b4 85. Ka2 a4
86. Kb2 Kd3 87. Kb1 Kc3 88. Kc1 a3 89. Kb1 b3 90. Kc1 a2 91. Kd1 a1=Q+ 92. Ke2
Kd4 93. Kf2 Qc3 94. Ke2 Qd3+ 95. Kf2 Qe3+ 96. Kg2 Qf4 97. Kg1 Qd2 98. Kh1 Ke3
99. Kg1 Kf3 100. Kh1 Qg2# 0-1

[Event "DEM U12 2012"]
[Site "Oberhof GER"]
[Date "2012.05.28"]
[Round "3"]
[White "Edelmann, Jonas"]
[Black "Schumacher, Aaron"]
[Result "1-0"]
[Termination "normal"]
[Board "44"]
[WhiteElo "1289"]
[BlackElo "1087"]
[PlyCount "29"]
[EventCountry "GER"]
[EventRounds "11"]
[EventType "swiss"]
[EventDate "2012.05.26"]

1. e4 e6 2. d4 d5 3. Nd2 c5 4. exd5 Qxd5 5. Nb3 Nc6 6. Nf3 c4 7. Nbd2 Nxd4 8.
Nxd4 Qxd4 9. Bxc4 Bc5 10. O-O Nf6 11. c3 Qf4 12. Bb5+ Kf8 13. Nb3 Qe5 14. Qd8+
Ne8 15. Qxe8# 1-0

[Event "DEM U12 2012"]
[Site "Oberhof GER"]
[Date "2012.05.28"]
[Round "3"]
[White "Peters, Theresa"]
[Black "Du, Katharina"]
[Result "1/2-1/2"]
[Termination "normal"]
[Board "45"]
[WhiteElo "1070"]
[BlackElo "1275"]
[PlyCount "59"]
[WhiteFideId "12952192"]
[BlackFideId "12945757"]
[EventCountry "GER"]
[EventRounds "11"]
[EventType "swiss"]
[EventDate "2012.05.26"]

1. d4 d5 2. Nf3 Nf6 3. Bf4 Bf5 4. e3 c6 5. Nbd2 e6 6. Be2 Be7 7. Ne5 Nbd7 8.
Ndf3 Ng4 9. Nxd7 Qxd7 10. h3 Nf6 11. Ne5 Qd8 12. g4 Bg6 13. h4 h6 14. h5 Bh7
15. Bf3 Nd7 16. Qe2 Nxe5 17. Bxe5 f6 18. Bg3 Bb4+ 19. c3 Bd6 20. Bxd6 Qxd6 21.
e4 O-O-O 22. e5 fxe5 23. Qxe5 Qxe5+ 24. dxe5 Rhf8 25. Be2 Rf4 26. f3 Rdf8 27.
Kf2 Kc7 28. Rad1 b6 29. Kg3 R4f7 30. Rhf1 1/2-1/2

[Event "DEM U12 2012"]
[Site "Oberhof GER"]
[Date "2012.05.28"]
[Round "3"]
[White "Steffens, Oliver"]
[Black "Kolchugina, Lada"]
[Result "1-0"]
[Termination "normal"]
[Board "46"]
[WhiteElo "1262"]
[BlackElo "1074"]
[PlyCount "57"]
[WhiteFideId "12947148"]
[BlackFideId "12929743"]
[EventCountry "GER"]
[EventRounds "11"]
[EventType "swiss"]
[EventDate "2012.05.26"]

1. e4 e5 2. Nf3 Nc6 3. Bb5 Nf6 4. O-O a6 5. Bxc6 dxc6 6. Nxe5 Qe7 7. Nf3 Bg4 8.
d3 O-O-O 9. Re1 c5 10. Nbd2 Qd6 11. e5 Qc6 12. exf6 Qxf6 13. h3 Be6 14. Nf1 Qg6
15. Ng3 c4 16. d4 Bd6 17. Ne5 Bxe5 18. Rxe5 h6 19. c3 f5 20. Qf3 Rhf8 21. Bf4
b6 22. Qc6 Rf7 23. Rxe6 Qh7 24. Rae1 Qg8 25. Nxf5 Qf8 26. Nd6+ Rxd6 27. Bxd6
Qd8 28. Re8 Qxe8 29. Rxe8# 1-0

[Event "DEM U12 2012"]
[Site "Oberhof GER"]
[Date "2012.05.28"]
[Round "3"]
[White "Torgashov, Katerina"]
[Black "Frank, Kamila"]
[Result "1-0"]
[Termination "normal"]
[Board "47"]
[WhiteElo "1222"]
[BlackElo "932"]
[PlyCount "117"]
[WhiteFideId "12938173"]
[BlackFideId "12952222"]
[EventCountry "GER"]
[EventRounds "11"]
[EventType "swiss"]
[EventDate "2012.05.26"]

1. e4 e5 2. Nf3 Nc6 3. Nc3 Bc5 4. Bc4 Nf6 5. d3 h6 6. Be3 Bb6 7. O-O d6 8. h3
O-O 9. d4 exd4 10. Nxd4 Nxd4 11. Bxd4 c5 12. Be3 Be6 13. Bd5 Bxd5 14. exd5 Qe7
15. Re1 Ne4 16. Nxe4 Qxe4 17. Bxh6 Qg6 18. Bf4 Rfe8 19. Qf3 Qf6 20. Qg3 Bc7 21.
Bd2 Qg6 22. Qxg6 fxg6 23. c4 Bd8 24. Bc3 Bf6 25. Bxf6 gxf6 26. Rad1 a6 27. Re6
Rxe6 28. dxe6 Re8 29. Rxd6 Kf8 30. f4 Ke7 31. Rb6 Rd8 32. Rxb7+ Kxe6 33. Rb6+
Rd6 34. Rxd6+ Kxd6 35. Kf2 Ke6 36. Ke3 Kf5 37. g4+ Ke6 38. h4 a5 39. h5 Kf7 40.
hxg6+ Kxg6 41. Ke4 a4 42. a3 Kf7 43. Kd5 f5 44. g5 Kg6 45. Kxc5 Kh5 46. Kd5 Kg6
47. c5 Kf7 48. Kd6 Ke8 49. Ke6 Kd8 50. Kxf5 Kc7 51. g6 Kc6 52. g7 Kxc5 53. g8=Q
Kd4 54. Qc8 Ke3 55. Qc3+ Ke2 56. Ke4 Kf2 57. Qc2+ Kf1 58. Kf3 Kg1 59. Qg2# 1-0